000 00546nam a2200205Ia 4500
005 20260429112125.0
008 260429s9999||||xx |||||||||||||| ||und||
020 _a9788178000640
041 _aEnglish
082 _a363.7
_bRED
100 _aReddy, M. Anji
245 0 _aGeoinformatics for environmental management /
_cM. Anji Reddy
250 _a1st ed.
260 _aHyderabad :
_bBs Publications,
_c2025.
300 _axviii, 464 p.; hb
650 _a Environment
650 _a Management
650 _aGeoinformatics
942 _cTB
999 _c52474
_d52474